Café y sociedad en Huatusco, Veracruz : (Record no. 93505)
[ view plain ]
| 000 -CABECERA | |
|---|---|
| campo de control de longitud fija | 01358nam a22004097a 4500 |
| 001 - NÚMERO DE CONTROL | |
| campo de control | 000097039 |
| 003 - IDENTIFICADOR DEL NÚMERO DE CONTROL | |
| campo de control | CHAP |
| 005 - FECHA Y HORA DE LA ÚLTIMA TRANSACCIÓN | |
| campo de control | 20250207172238.0 |
| 008 - DATOS DE LONGITUD FIJA--INFORMACIÓN GENERAL | |
| campo de control de longitud fija | 070419s2005 mx a r 00010 spa d |
| 010 ## - NÚMERO DE CONTROL DE LA BIBLIOTECA DEL CONGRESO | |
| Número de control de LC | 93505 |
| 011 ## - ENLACE DEL NUMERO DE CONTROL DE LA BIBLIOTECA DEL CONGRESO [OBSOLETO] | |
| Número de control de LC | 94477 |
| 020 ## - NÚMERO INTERNACIONAL ESTÁNDAR DEL LIBRO | |
| Número Internacional Estándar del Libro | 9680201422 |
| 035 ## - NÚMERO DE CONTROL DEL SISTEMA | |
| Número de control de sistema | 105068 |
| 040 ## - FUENTE DE LA CATALOGACIÓN | |
| Centro/agencia transcriptor | CHAP |
| 082 04 - NÚMERO DE LA CLASIFICACIÓN DECIMAL DEWEY | |
| Número de clasificación | 633.73 |
| Número de documento/Ítem | C6 |
| 100 1# - ENTRADA PRINCIPAL--NOMBRE DE PERSONA | |
| Nombre de persona | Córdova Santamaría, Susana. |
| 9 (RLIN) | 135315 |
| 245 10 - MENCIÓN DE TÍTULO | |
| Título | Café y sociedad en Huatusco, Veracruz : |
| Resto del título | formación de la cultura cafetalera (1870-1930) / |
| Mención de responsabilidad, etc. | /por Susana Córdova Santamaría. |
| 260 ## - PUBLICACIÓN, DISTRIBUCIÓN, ETC. | |
| Lugar de publicación, distribución, etc. | Chapingo, Méx. : |
| Nombre del editor, distribuidor, etc. | UACH, |
| Fecha de publicación, distribución, etc. | 2005. |
| 300 ## - DESCRIPCIÓN FÍSICA | |
| Extensión | 451 p. |
| 490 ## - MENCIÓN DE SERIE | |
| Mención de serie | Regiones |
| 590 ## - NOTA LOCAL (RLIN) | |
| Nota local | BATCH-UPD |
| Procedencia (VM) [OBSOLETO] | 10 |
| Condición del los carretes individuales (VM) [OBSOLETO] | 20130110 |
| -- | UCH01 |
| -- | 1714 |
| 590 ## - NOTA LOCAL (RLIN) | |
| Nota local | BATCH-UPD |
| Procedencia (VM) [OBSOLETO] | 10 |
| Condición del los carretes individuales (VM) [OBSOLETO] | 20130410 |
| -- | UCH01 |
| -- | 1059 |
| 590 ## - NOTA LOCAL (RLIN) | |
| Nota local | BATCH-UPD |
| Procedencia (VM) [OBSOLETO] | 10 |
| Condición del los carretes individuales (VM) [OBSOLETO] | 20130914 |
| -- | UCH01 |
| -- | 0808 |
| 590 ## - NOTA LOCAL (RLIN) | |
| Nota local | BATCH-UPD |
| Procedencia (VM) [OBSOLETO] | 10 |
| Condición del los carretes individuales (VM) [OBSOLETO] | 20190927 |
| -- | UCH01 |
| -- | 0948 |
| 590 ## - NOTA LOCAL (RLIN) | |
| Nota local | CONVERSION |
| Procedencia (VM) [OBSOLETO] | 10 |
| Condición del los carretes individuales (VM) [OBSOLETO] | 20130109 |
| -- | UCH01 |
| -- | 1352 |
| 590 ## - NOTA LOCAL (RLIN) | |
| Nota local | E11695DGD |
| Procedencia (VM) [OBSOLETO] | 10 |
| Condición del los carretes individuales (VM) [OBSOLETO] | 20190927 |
| -- | UCH01 |
| -- | 1044 |
| 650 14 - PUNTO DE ACCESO ADICIONAL DE MATERIA--TÉRMINO DE MATERIA | |
| Término de materia o nombre geográfico como elemento de entrada | Café |
| Subdivisión general | Aspectos económicos. |
| 9 (RLIN) | 17090 |
| 650 14 - PUNTO DE ACCESO ADICIONAL DE MATERIA--TÉRMINO DE MATERIA | |
| Término de materia o nombre geográfico como elemento de entrada | Café |
| Subdivisión general | Historia. |
| 9 (RLIN) | 17153 |
| 650 14 - PUNTO DE ACCESO ADICIONAL DE MATERIA--TÉRMINO DE MATERIA | |
| Término de materia o nombre geográfico como elemento de entrada | Café |
| Subdivisión geográfica | Veracruz. |
| 650 14 - PUNTO DE ACCESO ADICIONAL DE MATERIA--TÉRMINO DE MATERIA | |
| Término de materia o nombre geográfico como elemento de entrada | Cafeticultores. |
| 9 (RLIN) | 17080 |
| 830 0# - PUNTO DE ACCESO ADICIONAL DE SERIE-TÍTULO UNIFORME | |
| Título uniforme | Regiones (CONACULTA) |
| 9 (RLIN) | 95667 |
| 901 ## - ELEMENTOS DE DATOS A LOCAL LDA (RLIN) | |
| a | BK |
| 942 ## - ELEMENTOS DE PUNTO DE ACCESO ADICIONAL (KOHA) | |
| Tipo de ítem Koha | Libro |
| 942 ## - ELEMENTOS DE PUNTO DE ACCESO ADICIONAL (KOHA) | |
| Suprimir en OPAC | 0 |
| 949 ## - PROCESAMIENTO DE INFORMACIÓN LOCAL (OCLC) | |
| a | 633.73 C6 |
| b | BC |
| c | LIBRO |
| d | 33724002028918 |
| e | LIBRO |
| h | 108549 |
| i | 105068 |
| s | i |
| 949 ## - PROCESAMIENTO DE INFORMACIÓN LOCAL (OCLC) | |
| a | 633.73 C6 |
| b | BC |
| c | UACH |
| d | 33724002028959 |
| e | UACH |
| f | c.2 |
| h | 108550 |
| i | 105068 |
| s | b |
| Estado de retiro | Estado de pérdida | Fuente del sistema de clasificación o colocación | Estado dañado | Restricciones de uso | No para préstamo | Código de colección | Localización permanente | Ubicación/localización actual | Ubicación en estantería | Fecha de adquisición | Información codificada de la localización en otra ubicación | Total de préstamos | Signatura topográfica completa | Código de barras | Fecha visto por última vez | Precio válido a partir de | Tipo de ítem Koha | Número de inventario | Número de copia |
|---|---|---|---|---|---|---|---|---|---|---|---|---|---|---|---|---|---|---|---|
| Dewey Decimal Classification | Préstamo 15 días | General | Biblioteca Central | Biblioteca Central | Planta principal - Colección General | 27/07/2016 | LIBRO | 633.73 C6 | 33724002028918 | 31/12/2019 | 31/12/2019 | Libro | |||||||
| Préstamo 3 días | Publicaciones UACh | Biblioteca Central | Biblioteca Central | Planta alta - Área de Tesis - UACh | 27/07/2016 | LIBRO | 633.73 C6 | 33724002479652 | 31/12/2019 | 31/12/2019 | Libro | 127 | c.2 | ||||||
| Dewey Decimal Classification | Préstamo 15 días | General | Centro Regional San Luis Acatlán | Centro Regional San Luis Acatlán | 31/12/2019 | LIBRO | 633.73 C6 | 02000000258 | 31/12/2019 | 31/12/2019 | Libro | c.2 | |||||||
| Dewey Decimal Classification | Préstamo 15 días | General | Centro Regional San Luis Acatlán | Centro Regional San Luis Acatlán | 31/12/2019 | LIBRO | 633.73 C6 | 02000000287 | 31/12/2019 | 31/12/2019 | Libro |
